000 00201nam a22000857a 4500
008 161207b xxu||||| |||| 00| 0 eng d
100 _91942
_aAPH
245 _aHindi Course
260 _aNew Delhi
_bA.P.C.
_c2011
999 _c4722
_d4722